01879nab a2200241uuc4500001000800000005001700008008004100025035001200066040001300078041000800091100003800099245011500137520103200252650003101284650002201315650003601337650003101373650001301404700003901417700002901456700003901485773011301524134970220240202113410.0131113m01uu2013 spa  a1349702 ccomduadb aspa10aBerenzon Gorn, Shoshana4auteaut10aDepresión: estado del conocimiento y la necesidad de políticas públicas y planes de acción en México3 aLa depresión constituye un problema importante de salud pública. En el mundo, representa la cuarta causa de discapacidad en cuanto a la pérdida de años de vida saludables. En México ocupa el primer lugar de discapacidad para las mujeres y el noveno para los hombres. La depresión tiene una alta co-ocurrencia con otros trastornos como la ansiedad, el consumo de sustancias, la diabetes y las enfermedades cardiacas. Pese al impacto que tiene este trastorno, una gran proporción de personas no acude a tratamiento, retrasa mucho la búsqueda de ayuda, o bien no recibe la asistencia adecuada. El propósito de este ensayo es exponer el resultado de una breve revisión de investigaciones que permiten ubicar la depresión como un problema de salud pública en México. Se abordan la prevalencia y los factores asociados, las brechas de atención, el uso de servicios y los tratamientos disponibles. Al final se plantean algunas de las implicaciones para la investigación y para las políticas públicas. aDepresión (Psicología) 7aSalud mental2dcs aPolíticas públicas en salud aPolítica de salud mental aMéxico10aLara, María Asunción4auteaut10aRobles, Rebeca4auteaut 0aMedina Mora, Maria Elena4auteaut0 tSalud Pública de México (México)gVol. 55, No. 01, Ene.-Feb. 2013, p. 74-80w356363x0036-36340112116